00665nam a22001815i 450000100060000000300090000600500170001500700030003200800410003504000200007610000480009624500670014426000820021130000270029385200210032099900170034195201250035853810ES-MaACL20230906162832.0t|960709s1880 sp ||||1| spa d aCAM bspa cCAM1 aFernández de la Hoz y Rey, José.94966910aCrímenes españoles / cJosé Fernández de la Hoz y Rey. aMadrid : b[s.n.], c1880 (festablecimiento tipográfico de Antonio Florez) a268, [1] p. ; c18 cm. aES-MaACLjD-2940 c53810d53810 001040708LIBXIXaATENEOMbATENEOMcSVId2008-01-17eSCl0oD-2940p901056551r2023-02-23 00:00:00w2023-02-23yMONANT